000 00517cam a22002171 4500
001 sa 67004417
003 DLC
005 20260227112346.0
008 890815s1966 ii 000 0 gujo
010 _asa 67004417
035 _a(OCoLC)20182892
040 _aDLC
_cWaU
_dDLC
042 _apremarc
050 0 0 _aDS481.A45
_bP3
100 1 _aPatel, I. J.
245 1 0 _aĀjhādīno nāda.
260 _c[1966]
300 _a4, 146 p.
_c19 cm.
500 _aIn Gujarati.
600 1 0 _aĀjhāda, Pr̥thvīsiṃha.
999 _c74462
_d74462